Štruktúrne analógy 4-epi-(+)-kodonopsinínu

Saved in:
Bibliographic Details
Main Author: Kováčik, Radoslav (Author)
Other Authors: Fischer, Róbert (Thesis advisor)
Format: Manuscript Book
Language:Slovak
Published: 2025
Subjects:
Online Access:http://is.stuba.sk/zp/portal_zp.pl?podrobnosti=183353
Tags: Add Tag
No Tags, Be the first to tag this record!

MARC

LEADER 00000ntm a22000003a 4500
001 stuzp105040
003 SK-STU
005 20250607211039.5
007 ta
008 150427s2015----xo-----f-mn---000-0-slo-d
040 |a STU  |b slo 
041 0 |a slo 
100 1 |a Kováčik, Radoslav  |u 048140  |4 aut  |U FCHPT Ústav organickej chémie, katalýzy a petrochémie  |T FCHPT Oddelenie organickej chémie  |X 105565  |U C8140  |Y 124  |7 105565 
242 0 1 |a Structural analogues of 4-epi-(+)-codonopsinine  |y eng 
245 1 0 |a Štruktúrne analógy 4-epi-(+)-kodonopsinínu 
260 |c 2025 
650 4 |a nitrone  |2 eng 
650 4 |a pyrrolidine  |2 eng 
650 4 |a 4-epi-(+)-codonopsinine  |2 eng 
650 4 |a nitrón  |2 slo 
650 4 |a pyrolidín  |2 slo 
650 4 |a 4-epi-(+)-kodonopsinín  |2 slo 
700 1 |a Fischer, Róbert  |u 048140  |k Z1  |4 ths  |U FCHPT Ústav organickej chémie, katalýzy a petrochémie  |T FCHPT Oddelenie organickej chémie  |X 68202  |U C8140  |Y 124  |7 A000068202 
856 4 |u http://is.stuba.sk/zp/portal_zp.pl?podrobnosti=183353